Bilecik Bilecik Bilecik Bilecik Bilecik

Eğitimden bir kare fotoğraf yarışması: 2018 albümü/ (Record no. 67201)

MARC details
000 -BAŞLIK
Sabit Uzunluktaki Kontrol Alanı 01131nam a22003137a 4500
001 - KONTROL NUMARASI
Control Dosyası 0066760
003 - KONTROL NUMARASI KİMLİĞİ
Kontrol Alanı KOHA_MİRAKIL
005 - EN SON İŞLEM TARİHİ ve ZAMANI
Kontrol Alanı 20260207004652.0
007 - FİZİKSEL TANIM SABİT ALAN - GENEL BİLGİ
Sabit uzunluklu kontrol alanı ta
008 - SABİT UZUNLUKTAKİ VERİ ÖGELERİ - GENEL BİLGİ
Sabit Alan 220214s2020 tu |||gr||||#0|||0|tur |
020 ## - ISBN - ULUSLARARASI STANDART KİTAP NUMARASI
Isbn 9789756153840
040 ## - KATALOGLAMA KAYNAĞI
Özgün Kataloglama Kurumu TR-BiSEU
Kataloglama Dili tur
Çeviri Kurumu TR-BiSEU
Açıklama Kuralları rda
041 0# - DİL KODU
Metin ya da ses kaydının dil kodu tur
044 ## - YAYINLAYAN/ÜRETEN KURULUŞUN ÜLKE KODU
ISO country code tu
050 ## - SINIFLAMA ve YER NUMARASI
Sınıflama Numarası TR646
Yer Numarası .E3 2020
245 0# - ESER ADI BİLDİRİMİ
Başlık Eğitimden bir kare fotoğraf yarışması: 2018 albümü/
Sorumluluk Bildirimi Genel yayın yönetmeni Şükrü Kolukısa; yayın kurulu Latif Selvi, Ramazan Çakırcı, Mithat Sevin, Şükrü Kolukısa, Hasan Yalçın Yayla, Atilla Olçum; grafik tasarımı Caner Kaçamak..
264 #1 - ÜRERİM, YAYIN, DAĞITIM ve TELİF BİLDİRİMİ
Yayın yeri :
Yayınlayan Eğitim-Bir-Sen,
Yayın tarihi 2020.
-- 2020
300 ## - FİZİKSEL TANIMLAMA
Sayfa, Cilt vb. Resim; 23 cm
336 ## - İÇERİK TÜRÜ
Content type term metin
Content type code txt
Source rdacontent
337 ## - MEDYA TÜRÜ
Media type term aracısız
Media type code n
Source rdamedia
338 ## - TAŞIYICI TÜRÜ
Carrier type term cilt
Carrier type code nc
Source rdacarrier
650 #0 - KONU BAŞLIĞI EK GİRİŞ - KONU TERİMİ
Konusal terim veya coğrafi ad Fotoğrafçılık--Türkiye.
9 (RLIN) 38279
650 #0 - KONU BAŞLIĞI EK GİRİŞ - KONU TERİMİ
Konusal terim veya coğrafi ad Fotoğraf yarışması--Albüm.
9 (RLIN) 126382
650 #0 - KONU BAŞLIĞI EK GİRİŞ - KONU TERİMİ
Konusal terim veya coğrafi ad Eğitim--Fotoğrafçılık.
9 (RLIN) 126383
650 #0 - KONU BAŞLIĞI EK GİRİŞ - KONU TERİMİ
Konusal terim veya coğrafi ad Photography--Turkey.
9 (RLIN) 38281
650 #0 - KONU BAŞLIĞI EK GİRİŞ - KONU TERİMİ
Konusal terim veya coğrafi ad Education--Photography.
9 (RLIN) 126384
907 ## - LOCAL DATA ELEMENT G, LDG (RLIN)
a Teknoloji ve Mühendislik
942 ## - EK GİRİŞ ÖGELERİ (KOHA)
Source of classification or shelving scheme Library of Congress Classification
Koha item type Book
Holdings
Materyal Türü Kalıcı Konum Mevcut Konum Raf Yeri Sınıflandırma Kaynağı Edinim Bilgisi Ana Konular Alt Konular Yer Numarası Demirbaş Numarası Fatura Tarihi Geri Çekilme Durumu Kayıp Durumu Hasarlı Durumu Kredi için değil Kayıt Tarih Toplam Ödünçverme Son Görülme Tarihi Son Kontrol Tarihi Genel / Bağış Notu
Book Prof. Dr. Azmi Özcan Kütüphanesi Prof. Dr. Azmi Özcan Kütüphanesi Birûni Salonu Library of Congress Classification Bağış TEKNOLOJİ Fotoğrafçılık TR646 .E3 2020 0066760 02/02/2026         14/02/2022   05/03/2025 05/03/2025 Genel Bağış